[Event "IECG QB.2006.0.00074"]
[Site "IECG email"]
[Date "2006.02.12"]
[Round "2"]
[White "Murauskas, Regimantas"]
[Black "Laine, Jari"]
[Result "0-1"]
[WhiteElo "1800"]
[BlackElo "1843"]
[PlyCount "44"]
[EventDate "2006.02.12"]
[EventType "tourn (corr)"]
[EventRounds "6"]
[SourceTitle "Corr 2008"]
[Source "ChessBase"]
[SourceDate "2008.06.24"]
[SourceVersion "1"]
[SourceVersionDate "2008.06.24"]
[SourceQuality "1"]

1. d4 e6 2. Nf3 f5 3. g3 Nf6 4. Bg2 Be7 5. 0-0 0-0 6. c4 g6 7. Nc3 d6 8. Bh6 Re8 9. Qc2 d5 10. Rad1 Ng4 11. Bf4 Bf8 12. cxd5 exd5 13. Nb5 Na6 14. Nxc7 Nxc7 15. Bxc7 Qe7 16. h3 Nf6 17. Be5 Be6 18. Ng5 Ne4 19. Nxe6 Qxe6 20. Qb3 b6 21. Rc1 Rac8 22. g4 Bg7 0-1

[Event "IECC O email"]
[Site "IECC email"]
[Date "2001.08.26"]
[Round "?"]
[White "Kelly, Dan"]
[Black "Murauskas, Regimantas"]
[Result "0-1"]
[WhiteElo "1000"]
[BlackElo "1000"]
[PlyCount "46"]
[EventDate "2001.??.??"]
[EventType "tourn (corr)"]
[EventRounds "6"]
[SourceTitle "Corr 2008"]
[Source "ChessBase"]
[SourceDate "2008.06.24"]
[SourceVersion "1"]
[SourceVersionDate "2008.06.24"]
[SourceQuality "1"]

1. e4 c5 2. c3 d5 3. d4 dxe4 4. Bb5+ Bd7 5. Bc4 cxd4 6. Qh5 e6 7. Bg5 Nf6 8. Ne2 Nxh5 9. Bxd8 Kxd8 10. 0-0 d3 11. Nd4 Nc6 12. Nb5 Ne5 13. Nc7 Kxc7 14. Nd2 Nf4 15. Bb3 f5 16. Rfe1 Ne2+ 17. Kh1 Ng4 18. Rf1 Bc5 19. f3 h5 20. fxe4 Ng3+ 21. hxg3 h4 22. Nf3 hxg3+ 23. Nh4 Rxh4# 0-1